Countries of Africa - 30 second Sprint - Statistics

General Stats
  • This quiz has been taken 39 times
  • The average score is 20 of 54
Answers on the Map
Answers color-coded by a green-red scale on the quiz's map according to % correct below.
 
Answer Stats
Answer % Correct
Algeria
72%
Egypt
72%
Democratic Republic of The Congo
67%
Chad
61%
Libya
56%
Mali
56%
Morocco
56%
Niger
56%
Nigeria
56%
Republic of The Congo
56%
Angola
50%
Central African Republic
50%
Ghana
50%
Madagascar
50%
Sudan
50%
Benin
44%
Botswana
44%
Gabon
44%
Guinea
44%
Kenya
44%
Togo
44%
Ethiopia
39%
Gambia
39%
South Africa
39%
Tunisia
39%
Cape Verde
33%
Liberia
33%
Somalia
33%
Tanzania
33%
Zambia
33%
Burundi
28%
Comoros
28%
Eritrea
28%
Eswatini
28%
Malawi
28%
Mauritania
28%
Mozambique
28%
Rwanda
28%
Sao Tome and Principe
28%
South Sudan
28%
Djibouti
22%
Equatorial Guinea
22%
Lesotho
22%
Mauritius
22%
Seychelles
22%
Uganda
22%
Zimbabwe
22%
Cameroon
17%
Namibia
17%
Senegal
17%
Burkina Faso
11%
Guinea Bissau
11%
Ivory Coast
6%
Sierra Leone
6%
No matching quizzes found
Score Distribution
Percent of People with Each Score
Percentile by Number Answered
Your Score History
You have not taken this quiz